000 00510nam a22001817a 4500
005 20250620115417.0
008 250620b |||||||| |||| 00| 0 eng d
020 _a9780273751205
082 _a005.8
_bRIC-D
100 _aRichard J.Janat
245 _aData Abstraction and Problem Solving with Java: Walls and Mirrors /
_cFrank M.Carrano
250 _a3rd ed.
260 _aUSA:
_bElsevier;
_c2011.
300 _axxi, 959 p. :
_bill;
_c24 cm.
500 _ainclude index.
650 _aJava
999 _c36937
_d36937